00855cam a22002171a 450000500170000000800410001704000620005804100080012004400080012808200180013610000280015424501320018226000520031430000540036649000770042050400380049765000250053565000300056065000280059066200190061820160202150305.0800313s1965 dcua frb f000 0 eng c aU. S. Nat'l Agr. Libr.cViRUdDNALdOCoLCdDLCdCO-BoIAVH0 aeng axxu04a595.796bS64h1 aSmith, Marion R.d1894-10aHouse-infesting ants of the eastern United States :btheir recognition, biology, and economic importance /cby Marion R. Smith. aWashington :bU.S. Dept. of Agriculture,c1965. aii, 105 páginas :bIlustraciones ;c24 x 15 cm.1 aTechnical bulletin / United States Department of Agriculture ;vno. 1326 aBibliografía: páginas 98-105. 0aAntszUnited States. 0aHormigasxClasificación 0aHormigasx Taxonomía. aEstados Unidos